David Bowie Albums by Picture of Album Cover - Statistics

General Stats
  • This quiz has been taken 201 times
  • The average score is 12 of 16
Answer Stats
Picture Answer % Correct
Blackstar
92%
"Heroes"
90%
Hunky Dory
90%
Aladdin Sane
88%
Diamond Dogs
87%
Ziggy Stardust and the Spiders from Mars
86%
Low
83%
Station to Station
81%
Let's Dance
80%
Scary Monsters
77%
The Man Who Sold the World
77%
Young Americans
77%
Earthling
60%
The Next Day
59%
Heathen
57%
Reality
50%
No matching quizzes found
Score Distribution
Percent of People with Each Score
Percentile by Number Answered
Your Score History
You have not taken this quiz